IELTS Express: Upper Intermediate Coursebook

Spremljeno u:
Bibliografski detalji
Glavni autor: Hallows, Richard
Format: Knjiga
Jezik:Undetermined
Izdano: Boston, MA Thomson 2006
Teme:
Oznake: Dodaj oznaku
Bez oznaka, Budi prvi tko označuje ovaj zapis!
Thư viện lưu trữ: Trung tâm Học liệu Trường Đại học Cần Thơ
LEADER 00704nam a2200229Ia 4500
001 CTU_127670
008 210402s9999 xx 000 0 und d
020 |c 141000 
082 |a 428.24 
082 |b I.22u 
100 |a Hallows, Richard 
245 0 |a IELTS Express: 
245 0 |b Upper Intermediate Coursebook 
245 0 |c Richard Hallows, Martin Lisboa, Mark Unwin. 
260 |a Boston, MA 
260 |b Thomson 
260 |c 2006 
650 |a International English Language Testing System.,English language,English language 
650 |x Textbooks for foreign speakers.,Examinations 
650 |y Study guides. 
904 |i Minh 
980 |a Trung tâm Học liệu Trường Đại học Cần Thơ